The commercial companies law no. 4/1974.
| Format: | Book |
|---|---|
| Published: |
[s.l]:
[s.n],
[199-].
|
| Subjects: |
| LEADER | 00423cam a2200157 7i4500 | ||
|---|---|---|---|
| 001 | 0000005893 | ||
| 005 | 19991025090000.0 | ||
| 002 | ##000007540 | ||
| 020 | 0 | 0 | |a T000005862 |
| 090 | 0 | 0 | |a OMAN 346.066 |b COM |
| 245 | 0 | 4 | |a The commercial companies law no. 4/1974. |
| 260 | 0 | 0 | |a [s.l]: |b [s.n], |c [199-]. |
| 300 | 0 | 0 | |a 130 p.. |
| 650 | 0 | 0 | |a Company law -- |z Oman |
| 651 | 0 | 0 | |a Oman |
| 999 | |a 0000007491 |b Book |c Open shelf |e Business Information Centre | ||